Single Border Countries - Sudden Death - Statistics

General Stats
  • This quiz has been taken 82 times
  • The average score is 8 of 15
Answers on the Grid
Answers color-coded by a green-red scale on the quiz's grid according to % correct below.
Andorra
Australia
Brunei
Cambodia
Chile
Djibouti
Dominican Republic
East Timor
Eswatini
Gambia
Haiti
Indonesia
Ireland
Japan
Lesotho
Liechtenstein
Monaco
Papua New Guinea
Portugal
Qatar
San Marino
Singapore
South Korea
Spain
Trinidad and Tobago
United Kingdom
United States
Vatican City
 
Answer Stats
Answer % Correct
Borders North Korea South Korea
64%
Borders Italy Vatican City
61%
Borders Italy San Marino
58%
Borders Ireland United Kingdom
58%
Borders France Monaco
55%
Borders Dominican Republic Haiti
52%
Borders the United Kingdom Ireland
52%
Borders Spain Portugal
52%
Borders Saudi Arabia Qatar
52%
Borders Haiti Dominican Republic
48%
Borders Indonesia East Timor
48%
Borders Indonesia Papua New Guinea
48%
Borders Malaysia Brunei
42%
Borders Senegal Gambia
39%
Borders South Africa Lesotho
39%
No matching quizzes found
Score Distribution
Percent of People with Each Score
Percentile by Number Answered
Your Score History
You have not taken this quiz